| 000 | 00960nas a2200313 4500 | ||
|---|---|---|---|
| 001 | BR2019000241 | ||
| 003 | BR-BrBNA | ||
| 005 | 20231205131548.0 | ||
| 007 | ta | ||
| 008 | 230509b bl.|||p| |||| 00| 00por d | ||
| 040 |
_aBR-BrBNA _bpor _cBiblioteca Nacional de Agricultura |
||
| 041 | _a(En) | ||
| 072 | _aF04; F61 | ||
| 100 | 1 | _aSilva, P.F. da | |
| 100 | 1 | _aMatos, R.M. de | |
| 100 | 1 | _aBorges, V.E. | |
| 100 | 1 | _aAlencar, A.E.V. de | |
| 100 | 1 | _aDantas Neto | |
| 245 | 1 | _aGrowth and plant mass of radish fertirrigated with different doses nitrogen | |
| 650 | _aRABANETE | ||
| 650 | _aFERTIRRIGAÇÃO | ||
| 650 | _aNITROGÊNIO | ||
| 650 | _aHÚMUS | ||
| 650 | _aRENDIMENTO | ||
| 773 | 0 |
_tRevista Ceres (Brazil) _xISSN 2177-3491 _g(Mar-Apr 2016), v. 63(2) p. 122-128 _wBR2019000241 |
|
| 856 | 4 | 0 | _uhttp://www.scielo.br/pdf/rceres/v63n2/0034-737X-rceres-63-02-00122.pdf |
| 909 |
_a202311 _bLúcia _c55 _dLúcia Elande |
||
| 942 |
_2AGRIS _n0 _cANA |
||
| 999 |
_c255460 _d255460 |
||